00490nam a2200169Ia 4500003000400000008004100004040001600045082001300061100001600074245009600090700002200186260004900208300001000257650002300267650001900290650001100309GCL140319s9999 xx 000 0 eng d aGCL / cGCL04a824bF B1 aMOORE, JANE10aTHE FEMINIST READER: ESSAYS IN GENDER AND THE POLITICS OF LITERARY CRITCISM / cMOORE, JANE1 aBELSEY, CATHERINE a[S.N] : bTHE MACMILLAN PRESS LTD. ، c1989 a263 P04aENGLISH LITERATURE04aENGLISH ESSAYS04aESSAYS